000 00392nam a22001697a 4500
005 20160627165912.0
008 160627b xxu||||| |||| 00| 0 eng d
020 _a81-7223-177-6
041 _aeng
082 _b10679
100 _aBest, Wilfred D
_92965
245 _aThe Students Companion
260 _bHarper Collins
_c2004
300 _a170
650 _aManagement
_9241
942 _cBK
999 _c4331
_d4330